|
|
|
|
| LEADER |
01718nam a2200397 a 4500 |
| 001 |
EBC603639 |
| 003 |
MiAaPQ |
| 005 |
20200520144314.0 |
| 006 |
m o d | |
| 007 |
cr cn||||||||| |
| 008 |
100609s2010 nyua sb 001 0 eng d |
| 010 |
|
|
|z 2010930382
|
| 020 |
|
|
|z 9781441911902 (hardcover : alk. paper)
|
| 020 |
|
|
|z 9781441911919 (e-book)
|
| 035 |
|
|
|a (MiAaPQ)EBC603639
|
| 035 |
|
|
|a (Au-PeEL)EBL603639
|
| 035 |
|
|
|a (CaPaEBR)ebr10408131
|
| 035 |
|
|
|a (OCoLC)668097720
|
| 040 |
|
|
|a MiAaPQ
|c MiAaPQ
|d MiAaPQ
|
| 050 |
|
4 |
|a HB615
|b .H36 2010
|
| 245 |
0 |
0 |
|a Handbook of entrepreneurship research
|h [electronic resource] :
|b an interdisciplinary survey and introduction /
|c Zoltan J. Acs, David B. Audretsch, editors.
|
| 250 |
|
|
|a 2nd ed.
|
| 260 |
|
|
|a New York :
|b Springer,
|c 2010.
|
| 300 |
|
|
|a x, 678 p. :
|b ill. (some col.).
|
| 490 |
1 |
|
|a International handbook series on entrepreneurship ;
|v v. 5
|
| 504 |
|
|
|a Includes bibliographical references and index.
|
| 505 |
0 |
|
|a pt. 1. Opportunity -- pt. 2. The emergence of new ventures -- pt. 3. The market context -- pt. 4. The social context -- pt. 5. The global context -- pt. 6. The entrepreneurial society.
|
| 533 |
|
|
|a Electronic reproduction. Ann Arbor, MI : ProQuest, 2015. Available via World Wide Web. Access may be limited to ProQuest affiliated libraries.
|
| 650 |
|
0 |
|a Entrepreneurship.
|
| 650 |
|
0 |
|a Entrepreneurship
|x Research.
|
| 655 |
|
4 |
|a Electronic books.
|
| 700 |
1 |
|
|a Acs, Zoltan J.
|
| 700 |
1 |
|
|a Audretsch, David B.
|
| 710 |
2 |
|
|a ProQuest (Firm)
|
| 830 |
|
0 |
|a International handbook series on entrepreneurship ;
|v v. 5.
|
| 856 |
4 |
0 |
|u https://ebookcentral.proquest.com/lib/matrademy/detail.action?docID=603639
|z Click to View
|